TB. OF PHARMACOLOGY FOR NURSES (Record no. 1879)
[ view plain ]
| 000 -LEADER | |
|---|---|
| fixed length control field | 00343nam a2200145Ia 4500 |
| 008 - FIXED-LENGTH DATA ELEMENTS--GENERAL INFORMATION | |
| fixed length control field | 150201s2006 xx 000 0 und d |
| 082 ## - DEWEY DECIMAL CLASSIFICATION NUMBER | |
| Classification number | 615.321 |
| Item number | P06G |
| 100 ## - MAIN ENTRY--PERSONAL NAME | |
| Personal name | GROVER , J.K. |
| 245 ## - TITLE STATEMENT | |
| Title | TB. OF PHARMACOLOGY FOR NURSES |
| 250 ## - EDITION STATEMENT | |
| Edition statement | 2ND |
| 260 ## - PUBLICATION, DISTRIBUTION, ETC. (IMPRINT) | |
| Name of publisher, distributor, etc. | CBS |
| Place of publication, distribution, etc. | DELHI |
| Date of publication, distribution, etc. | 2006 |
| 300 ## - PHYSICAL DESCRIPTION | |
| Extent | 516 |
| 650 ## - SUBJECT ADDED ENTRY--TOPICAL TERM | |
| Topical term or geographic name as entry element | PHARMACOLOGY |
| 942 ## - ADDED ENTRY ELEMENTS (KOHA) | |
| Source of classification or shelving scheme | Dewey Decimal Classification |
| Koha item type | Books |
| Koha issues (borrowed), all copies | 24 |
| Withdrawn status | Lost status | Source of classification or shelving scheme | Damaged status | Not for loan | Collection code | Home library | Current library | Shelving location | Date acquired | Source of acquisition | Cost, normal purchase price | SGTU | Total Checkouts | Full call number | Barcode | Date last seen | Date last checked out | Bill Date | Koha item type | Total Renewals |
|---|---|---|---|---|---|---|---|---|---|---|---|---|---|---|---|---|---|---|---|---|
| Dewey Decimal Classification | NURSING | SGT Medical Library | SGT Medical Library | Text Book | 09/02/2015 | UBS DELHI | 170.00 | SGTU | 7 | 615.321 P06G | FN176 | 08/11/2024 | 30/10/2024 | 09/02/2015 | Books | |||||
| weeded-out | Dewey Decimal Classification | NURSING | SGT Medical Library | SGT Medical Library | Text Book | 09/02/2015 | UBS DELHI | 170.00 | SGTU | 3 | 615.321 P06G | FN177 | 22/09/2021 | 07/09/2021 | 09/02/2015 | Books | ||||
| Dewey Decimal Classification | NURSING | SGT Medical Library | SGT Medical Library | Text Book | 09/02/2015 | UBS DELHI | 170.00 | SGTU | 12 | 615.321 P06G | FN178 | 01/04/2026 | 26/03/2026 | 09/02/2015 | Books | |||||
| Dewey Decimal Classification | NURSING | SGT Medical Library | SGT Medical Library | Text Book | 09/02/2015 | UBS DELHI | 170.00 | SGTU | 15 | 615.321 P06G | FN179 | 02/09/2025 | 31/05/2023 | 09/02/2015 | Books | |||||
| Dewey Decimal Classification | NURSING | SGT Medical Library | SGT Medical Library | Text Book | 09/02/2015 | UBS DELHI | 170.00 | SGTU | 4 | 615.321 P06G | FN180 | 22/08/2024 | 12/08/2024 | 09/02/2015 | Books | |||||
| Dewey Decimal Classification | NURSING | SGT Medical Library | SGT Medical Library | Text Book | 09/02/2015 | UBS DELHI | 170.00 | SGTU | 9 | 615.321 P06G | FN181 | 26/06/2023 | 21/06/2023 | 09/02/2015 | Books | 1 | ||||
| Dewey Decimal Classification | NURSING | SGT Medical Library | SGT Medical Library | Text Book | 09/02/2015 | UBS DELHI | 170.00 | SGTU | 14 | 615.321 P06G | FN182 | 03/06/2026 | 18/05/2026 | 09/02/2015 | Books |